<?xml version="1.0" encoding="UTF-8"?><?xml-stylesheet type="text/xsl" href="static/style.xsl"?><OAI-PMH xmlns="http://www.openarchives.org/OAI/2.0/" xmlns:xsi="http://www.w3.org/2001/XMLSchema-instance" xsi:schemaLocation="http://www.openarchives.org/OAI/2.0/ http://www.openarchives.org/OAI/2.0/OAI-PMH.xsd"><responseDate>2026-04-28T19:42:48Z</responseDate><request verb="GetRecord" identifier="oai:uvadoc.uva.es:10324/6895" metadataPrefix="marc">https://uvadoc.uva.es/oai/request</request><GetRecord><record><header><identifier>oai:uvadoc.uva.es:10324/6895</identifier><datestamp>2021-06-29T10:11:06Z</datestamp><setSpec>com_10324_38</setSpec><setSpec>col_10324_852</setSpec></header><metadata><record xmlns="http://www.loc.gov/MARC21/slim" xmlns:doc="http://www.lyncode.com/xoai" xmlns:xsi="http://www.w3.org/2001/XMLSchema-instance" xmlns:dcterms="http://purl.org/dc/terms/" xsi:schemaLocation="http://www.loc.gov/MARC21/slim http://www.loc.gov/standards/marcxml/schema/MARC21slim.xsd">
<leader>00925njm 22002777a 4500</leader>
<datafield tag="042" ind1=" " ind2=" ">
<subfield code="a">dc</subfield>
</datafield>
<datafield tag="720" ind1=" " ind2=" ">
<subfield code="a">Fernández Felipe, Beatriz</subfield>
<subfield code="e">author</subfield>
</datafield>
<datafield tag="260" ind1=" " ind2=" ">
<subfield code="c">2014</subfield>
</datafield>
<datafield tag="520" ind1=" " ind2=" ">
<subfield code="a">Con este Trabajo de Fin de Grado que va destinado al Primer Ciclo de Educación Primaria (1º Curso, 6-7 años),  voy a presentar una propuesta de intervención de animación a la lectura a través de diferentes técnicas, estrategias y actividades; utilizando la literatura infantil más adecuada a estas edades, incluyendo los diferentes géneros literarios como el cuento, la poesía, la narración, el teatro…más idóneos.&#xd;
 El objetivo fundamental va a ser Fomentar su hábito lector y Animar a esos niños a la lectura siendo una tarea que no solo debe de manifestarse en las aulas sino también en otros espacios, otorgando a los padres un papel importante que deben asumir desde sus hogares y que su colaboración es, realmente, fundamental.</subfield>
</datafield>
<datafield tag="024" ind2=" " ind1="8">
<subfield code="a">http://uvadoc.uva.es/handle/10324/6895</subfield>
</datafield>
<datafield ind1=" " ind2=" " tag="653">
<subfield code="a">Animación a la lectura</subfield>
</datafield>
<datafield ind1=" " ind2=" " tag="653">
<subfield code="a">Literatura juvenil</subfield>
</datafield>
<datafield tag="245" ind1="0" ind2="0">
<subfield code="a">La lectura se siembra con magia</subfield>
</datafield>
</record></metadata></record></GetRecord></OAI-PMH>